| 000 | 00693nam a2200181 a 4500 | ||
|---|---|---|---|
| 001 | 000041174 | ||
| 005 | 20201002034659.0 | ||
| 008 | 130920s1994 sp 000 0 spa d | ||
| 020 | _a8471006626 | ||
| 040 |
_aDO-SdBNP _bspa _cBNPHU |
||
| 245 | 0 | 0 |
_aColección documental del descubrimiento : _b1470-1506. |
| 260 |
_aMadrid : _bReal Academia de la Historia _bConsejo Superior de Ivestigaciones Sientíficas, _c1994. |
||
| 300 |
_av. (544) p. ; _c27 cm. |
||
| 500 | _aLa biblioteca posee el v. 2 | ||
| 504 | _aIncluye referencias bibliográficas y notas al pie de la páginas | ||
| 710 | 2 |
_aReal Academia de la Historia _967733 |
|
| 710 | 2 |
_aConsejo Superior de Ivestigaciones Sientíficas _967734 |
|
| 999 |
_c40664 _d40664 |
||